000 01279nam a2200361 i 4500
001 17081
003 KOSZ 005
005 20200415131439.0
008 150624s1975 pl a g 001 0 pol
015 _aPB 1975/7256
040 _aWA N
_cWA N
_dKOSZ 005/RW
080 _a329.15(438)
080 _a94(438).081
100 1 _aKowalski, Józef
_d(1904-1986).
_eAutor
245 1 0 _aKomunistyczna Partia Polski 1935-1938 :
_bstudium historyczne /
_cJózef Kowalski.
260 _aWarszawa :
_b"Książka i Wiedza",
_c1975.
300 _a471, [1] stron :
_bilustracje ;
_c25 cm.
336 _aTekst
_btxt
_2rdacontent
337 _aBez urządzenia pośredniczącego
_bn
_2rdamedia
338 _aWolumin
_bnc
_2rdacarrier
380 _aKsiążki
380 _aPublikacje naukowe
504 _aBibliografia na stronach 439-[454]. Indeks.
658 _aHistoria
651 4 _aPolska
648 4 _a1918-1939
655 4 _aWydawnictwo źródłowe
610 2 4 _aKomunistyczna Partia Polski
650 4 _aSocjalizm
710 2 _aSpółdzielnia Wydawniczo-Handlowa "Książka i Wiedza"
_4pbl.
856 _uhttp://koha.tu.koszalin.pl/cgi-bin/koha/opac-detail.pl?biblionumber=17081
_yKatalog online BPK
942 _2UKD
_cKS
999 _c17081
_d17081